| 000 | 00598nam a2200217Ia 4500 | ||
|---|---|---|---|
| 005 | 20250508164420.0 | ||
| 008 | 008 250505s9999 xx 000 0 eng d | ||
| 020 | _a019562959-0 | ||
| 037 | _aTextual | ||
| 040 |
_aFEDL _beng _cFEDL |
||
| 041 |
_aeng _2eng |
||
| 084 |
_a307.76, RAM _qFEDL |
||
| 100 | _aRamachandran R | ||
| 245 | 0 | _aUrbanization and urban systems in India | |
| 260 |
_aNew Delhi, India _bOxford University Press _c2007 |
||
| 300 | _axiv;364p. | ||
| 365 |
_aINR _b250 |
||
| 650 | _aUrbanization | ||
| 942 |
_cTEXL _h307.76, RAM |
||
| 999 |
_c1389022 _d1389022 |
||